| 000 | 01512nam a2200337 i 4500 | ||
|---|---|---|---|
| 001 | 16972 | ||
| 003 | ES-MaACL | ||
| 005 | 20250624062842.0 | ||
| 007 | t| | ||
| 008 | 001127s1958 sp ||||1| spa d | ||
| 080 | _a75 Mignoni, Fernando (064.3) | ||
| 100 | 1 |
_aMignoni, Fernando. _980993 |
|
| 245 | 1 | 3 |
_aEl expresionismo de Fernando Mignoni _b: [exposición, Sala del Prado del Ateneo de Madrid, 17-31 de marzo de 1958] / _c[texto de] M. Ballester Cairat. |
| 260 |
_aMadrid : _bAteneo, _c1958. |
||
| 300 |
_a[32] p. : _bprincipalmente il. n. ; _c22 cm. |
||
| 490 | 1 |
_aCuadernos de arte. Colección ordinaria ; _v31 |
|
| 600 | 1 | 4 |
_aMignoni, Fernando- _xExposiciones. _980994 |
| 610 | 2 | 4 |
_aAteneo de Madrid- _vExposiciones- _y1950-1959 _91919 |
| 610 | 2 |
_aAteneo de Madrid- _vObras digitalizadas. _91930 |
|
| 655 | 7 |
_2tgfbne _9193628 _aCatálogos de exposiciones |
|
| 700 | 1 |
_aBallester Cairat, M. _925010 |
|
| 710 | 2 |
_aAteneo de Madrid. _bSala del Prado. _91965 |
|
| 830 | 0 |
_aCuadernos de arte. Colección ordinaria _v31 _9180064 |
|
| 852 |
_aES-MaACL _j2160-F-4 _cDEPOF _zRevisado enlace: 04 de Mayo de 2025 |
||
| 852 |
_aES-MaACL _j2189-F-20 _cDEPOF _zRevisado enlace: 04 de Mayo de 2025 |
||
| 852 |
_aES-MaACL _jG-13293(5) _cSPD3 _zRevisado enlace: 04 de Mayo de 2025 |
||
| 852 |
_aES-MaACL _j2255-F-26 _cDEPOF _zRevisado enlace: 04 de Mayo de 2025 |
||
| 856 | 4 |
_uhttp://www.ateneodemadrid.com/biblioteca_digital/folletos/CACo-031.pdf _yVer documento |
|
| 942 | _2udc | ||
| 999 |
_c16972 _d16972 |
||